000 00986nam0a22002771 4500
001 rc\4704594
005 20130416211740.8
021 _aRU
_b[64-95007]
035 _a(NLR Aleph) 008720467
090 _a9414532
_c9414532
100 _a20130416d1964 |||y0rusy50 ca
101 0 _arus
102 _aRU
105 _aa z |||||
200 1 _aЗа коммунистическое изобилие
_e(Из опыта работы колхоза им. Мичурина с. Трушены Ново-Анен. производ. упр.)
210 _aКишинев
_cПартиздат
_d1964
215 _a103 с.
_cил.
_d20
300 _aНа обл. авт. не указаны
606 _aПлодовые колхозы
_yМолдавская ССР
_2psbo
700 1 _aСтрату
_bС. И.
_gСемен Иванович
701 1 _aКвелеров
_bА. М.
801 0 _aRU
_bNLR
_gpsbo
801 1 _aRU
_bELAR
_2rusmarc
852 _aNLR
_j64-3/7145
942 _cBOOK
980 _aNB